000 01308cam a22003857a 4500
001 112560
005 20230410103914.0
008 100619s2010 enk 001 0 eng
035 _a16293187
010 _a 2010290406
015 _aGBA928265
_2bnb
016 7 _a014932448
_2Uk
020 _a9780197264478 (hbk.)
020 _a0197264476 (hbk.)
035 _a(OCoLC)ocn301888604
040 _aUKM
_cUKM
_dBTCTA
_dYDXCP
_dBWK
_dDLC
042 _aukblsr
_alccopycat
050 1 4 _a432 DS 98
_bD852c 2010
082 0 0 _a956.91041
100 1 _aDueck, Jennifer Marie,
_d1976-
245 1 4 _aThe claims of culture at empire's end :
_bSyria and Lebanon under French rule /
_cby Jennifer M. Dueck.
260 _aOxford ;
_aNew York :
_bOxford University Press,
_c2010.
300 _aviiii, 273 p. ;
_c24 cm.
490 0 _aA British Academy postdoctoral fellowship monograph
504 _aIncludes bibliographical references and index.
650 0 _aCultural fusion
_zSyria.
650 0 _aCultural fusion
_zLebanon.
650 4 _aFusión cultural
_zSiria.
650 4 _aFusión cultural
_zLíbano.
651 0 _aLebanon
_xHistory
_yFrench occupation, 1918-1946.
651 0 _aSyria
_xCivilization
_y20th century.
651 0 _aLebanon
_xCivilization
_y20th century.
942 _2lcc
_cbk
946 _aYSL
999 _c28164
_d28164